000 00654nam a2200229Ia 4500
003 OSt
005 20220928130643.0
006 a|||||r|||| 00| 0
007 ta
008 220927b |||||||| |||| 00| 0 eng d
024 _a74394
037 _cTextual
040 _aSDCL
_cSDCL
_beng
041 _2eng
_aeng
082 _aV2:3(Q)'N, P0
100 _aAntony Copley Ed.
_9475278
245 0 _aGurus and their fallowers
_b New religious reform movement in colonial India
260 _aNew Delhi
_bOxford Press
_c2000
300 _axxii,235p
_ccm.
942 _hV2:3(Q)'N, P0
_cTEXL
_2CC
999 _c787804
_d787804